000
00257nam a22001097a 4500
008
131217t xxu||||| |||| 00| 0 eng d
020
_a
0-00-470474-6
245
_a
Complete works of William Shakespeare
260
_b
Collins
300
_a
1433
942
_2
ddc
_c
BK
999
_c
16736
_d
16736